00912nam a22002537i 4500003000900000005001700009007000300026008004100029040003000070041000800100082001900108100004800127245012900175264004800304300002700352336002700379337003300406338002800439590002700467910000700494942001400501952012600515999001700641DO-SdBNP20250421135605.0ta250421b1979 |||||||| |||| 00| 0 eng d aDO-SdBNPbspacBNPHUerda hspa axxxbR589s2221 aRipley Lamarche, Boanerges A.eautor97558010aLa sucesion presidencial en la República Dominicana /cBoanerges A. Riplay Lamarche ; prólogo de Rafael Valera Benítez aSanto Domingo :bEditora desconocida,c1979 a58 Páginas ;c23 cm ardacontentbtexto2txt ardamediabsin mediación2n ardacarrierbvolumen2nc aInventariado, 2025 /DG aDG 2ddccLBS1 00102ddc51708PDaBNPHUbBNPHUcCTd2025-04-21edonaciónl0oBNPHU PD R589sp2025-3479r2025-04-21w2025-04-21yLBS1 c58737d58737